| Chaîne | % Correct |
|---|---|
| Trash | 92%
|
| Science Trash | 88%
|
| Cinéma Trash | 82%
|
| Trash Bandicoot | 77%
|
| Pokémon Trash | 76%
|
| Sport Trash | 76%
|
| Manga Trash | 73%
|
| Horror Trash | 69%
|
| Club Pingouin • Trash | 65%
|
| Techno Trash | 53%
|
| ASMR Trash | 45%
|
| UltraShort | 44%
|
| Trasheurs • Rediff | 24%
|